书目信息 |
| 题名: |
玉石人像
|
|
| 作者: | 霍桑 , 霍桑 著 | |
| 分册: | ||
| 出版信息: | 南昌 百花洲出版社 2000.08 |
|
| 页数: | 419页 | |
| 开本: | 32开 | |
| 丛书名: | ||
| 单 册: | ||
| 中图分类: | I712.44 | |
| 科图分类: | ||
| 主题词: | 文学 | |
| 电子资源: | ||
| ISBN: | 7-80647-193-6 | |
| 000 | 00563nam0 2200205 45 | |
| 001 | 0102130970 | |
| 005 | 20010213090354.6 | |
| 010 | @a7-80647-193-6@d19.80元 | |
| 100 | @a20010213d2000 km y0chiy0120 ea | |
| 101 | 0 | @achi |
| 105 | @a z 000yy | |
| 200 | 1 | @a玉石人像@AYu Shi Ren Xiang@f霍桑著;胡允桓译@FHuo Sang Zhu;Hu Yun Huan Yi |
| 210 | @a南昌@c百花洲出版社@d2000.08 | |
| 215 | @a419页@d32开 | |
| 606 | 0 | @a文学 |
| 690 | @aI712.44@v3 | |
| 701 | 0 | @a霍桑@4著 |
| 701 | 0 | @a霍桑@4著 |
| 801 | @aCN@bPftUser@c20010213 | |
| 905 | @b321172-176@dI712.44@eH.252@f5 | |
| 玉石人像/霍桑著;胡允桓译.-南昌:百花洲出版社,2000.08 |
| 419页;32开 |
| ISBN 7-80647-193-6:19.80元 |
| ● |
| 相关链接 |
|
|
|
正题名:玉石人像
索取号:I712.44/H.252
 
预约/预借
| 序号 | 登录号 | 条形码 | 馆藏地/架位号 | 状态 | 备注 |
| 1 | 321172 | 203211728 | 社科二线400B/400B社科库 16排1列1层/ [索取号:I712.44/H.252] | 在馆 | |
| 2 | 321173 | 203211737 | 社科二线400B/400B社科库 16排1列1层/ [索取号:I712.44/H.252] | 在馆 | |
| 3 | 321174 | 203211746 | 社科二线400B/116文学库 25排6列2层/ [索取号:I712.44/H.252] | 在馆 | |
| 4 | 321175 | 203211755 | 社科二线400B/400B社科库 32排1列5层/ [索取号:I712.44/H.252] | 在馆 | |
| 5 | 321176 | 203211764 | 社科二线400B/400B社科库 16排1列1层/ [索取号:I712.44/H.252] | 在馆 |